000 00445nam a2200157 i 4500
001 142821
003 ES-MaACL
005 20230906200630.0
007 t|
008 071010s2006 ag ||||1| spa d
100 1 _aVidal Cadellans, José.
_9114471
245 1 0 _aBallet para una infanta /
_cJosé Vidal Cadellans.
260 _aBuenos Aires :
_bPlaza & Janés,
_c[1963]
300 _a375 p. ;
_c18 cm.
852 _aES-MaACL
_jC-23711
_bR.52547
999 _c142821
_d142821